| 000 | 00790cam a2200277 a 4500 | ||
|---|---|---|---|
| 001 | 12934084 | ||
| 003 | OSt | ||
| 005 | 20181015173149.0 | ||
| 008 | 020724s1996 tz b f000 0 eng | ||
| 010 | _a 2002345313 | ||
| 020 | _a9976602871 | ||
| 035 | _a(DLC) 2002345313 | ||
| 040 |
_aDLC _cDLC |
||
| 042 | _alcode | ||
| 043 | _af------ | ||
| 050 | 0 | 0 |
_aLB1027.5 _b.B495 1996 |
| 082 | _a150 BIS 1996 | ||
| 100 | 1 |
_aBiswalo, Paul M. _95245 |
|
| 245 | 1 | 3 | _aAn introduction to Guidance and Counselling in Diverse African Contexts |
| 260 |
_bDar es Salaam University Press, _cc1996. |
||
| 300 |
_aviii, 107 p. ; _c21 cm. |
||
| 504 | _aIncludes bibliographical references. | ||
| 650 | 0 |
_aCounseling _95246 |
|
| 906 |
_a7 _bcbc _corigode _d3 _encip _f20 _gy-gencatlg |
||
| 942 |
_2z _cSLOAN |
||
| 999 |
_c2015 _d2015 |
||